| 000 | 00624nam a2200229Ia 4500 | ||
|---|---|---|---|
| 003 | OSt | ||
| 005 | 20250626094653.0 | ||
| 008 | 210423s2011 xx 000 0 und d | ||
| 020 | _a9781412967655 | ||
| 040 | _cAL | ||
| 041 | _aEnglish | ||
| 082 |
_a070.1 _223 _bBERC |
||
| 100 |
_aDaniel A Berkowitz _988180 |
||
| 245 | _aCultural meanings of news: a text reader | ||
| 260 |
_aLos Angeles _bSage Publications _c2011 |
||
| 300 |
_axxii,409p. _bPB _c23x118.5cm. |
||
| 365 |
_b2173 _cINR |
||
| 650 |
_aGeneral _988181 |
||
| 650 |
_aMass Media _988182 |
||
| 906 | _aCultural ; meanings ; news: ; reader | ||
| 942 |
_2ddc _cBK |
||
| 999 |
_c159761 _d159761 |
||